Արծաթե դար : (Record no. 102438)
[ view plain ]
| 000 -LEADER | |
|---|---|
| fixed length control field | 01090nam a2200241 u 4500 |
| 001 - CONTROL NUMBER | |
| control field | 000280142 |
| 003 - CONTROL NUMBER IDENTIFIER | |
| control field | AM-YEHGA |
| 005 - DATE AND TIME OF LATEST TRANSACTION | |
| control field | 20250618071834.0 |
| 008 - FIXED-LENGTH DATA ELEMENTS--GENERAL INFORMATION | |
| fixed length control field | 031105s1983 ai r 000 0 arm d |
| 040 ## - CATALOGING SOURCE | |
| Original cataloging agency | AM-YeHGA |
| 041 0# - LANGUAGE CODE | |
| Language code of text/sound track or separate title | arm |
| 090 ## - LOCALLY ASSIGNED LC-TYPE CALL NUMBER (OCLC); LOCAL CALL NUMBER (RLIN) | |
| -- | 103757 |
| 100 1# - MAIN ENTRY--PERSONAL NAME | |
| Personal name | Շաթիրյան, Միքայել Ալեքսանդրի, |
| Dates associated with a name | 1916-1985 |
| 9 (RLIN) | 2744 |
| 245 10 - TITLE STATEMENT | |
| Title | Արծաթե դար : |
| Remainder of title | [Պատմավեպ]: 2 գ. / |
| Statement of responsibility, etc. | Մ. Շաթիրյան. |
| 260 ## - PUBLICATION, DISTRIBUTION, ETC. | |
| Place of publication, distribution, etc. | Երևան : |
| Name of publisher, distributor, etc. | Սովետական գրող, |
| Date of publication, distribution, etc. | 1983. |
| 300 ## - PHYSICAL DESCRIPTION | |
| Extent | 2 գ. ; |
| Dimensions | 22 սմ. |
| 505 0# - FORMATTED CONTENTS NOTE | |
| Miscellaneous information | Գ. 1 (1983, 528 էջ) |
| Statement of responsibility | Խմբ.՝ Ռ.Գ. Սարգսյան |
| Miscellaneous information | Գ. 2 (1986, 608 էջ) |
| Statement of responsibility | Վերջաբ. հեղ. Ա. Պետրոսյան; Խմբ.՝ Դ.Մ. Սարգսյան |
| 650 14 - SUBJECT ADDED ENTRY--TOPICAL TERM | |
| Topical term or geographic name entry element | Հայ գրականություն |
| General subdivision | Պատմավեպ |
| Geographic subdivision | Կիլիկիա |
| 653 0# - INDEX TERM--UNCONTROLLED | |
| Uncontrolled term | Հայոց պատմություն |
| 700 1# - ADDED ENTRY--PERSONAL NAME | |
| Personal name | Պետրոսյան, Ալվարդ Բարդուղի, |
| Dates associated with a name | 1946- |
| Relator term | վերջաբ. |
| Relationship | aft |
| 9 (RLIN) | 1389 |
| 700 1# - ADDED ENTRY--PERSONAL NAME | |
| Personal name | Սարգսյան, Դավիթ Մկրտչի, |
| Fuller form of name | (Դավիթ Մկր-Սարգսյան), |
| Dates associated with a name | 1957- |
| Relator term | խմբ. |
| Relationship | edt |
| 9 (RLIN) | 3377 |
| 942 ## - ADDED ENTRY ELEMENTS (KOHA) | |
| Koha item type | Գրքեր / Books |
| Source of classification or shelving scheme | Universal Decimal Classification |
| Withdrawn status | Lost status | Source of classification or shelving scheme | Damaged status | Not for loan | Collection | Home library | Current library | Date acquired | Serial enumeration / chronology | Total checkouts | Full call number | Barcode | Date last seen | Price effective from | Koha item type | Public note | Copy number |
|---|---|---|---|---|---|---|---|---|---|---|---|---|---|---|---|---|---|
| Universal Decimal Classification | General | Fundamental Scientific Library | Fundamental Scientific Library | 22/12/2016 | [g. 1] | AII/69005 | FL0691636 | 22/12/2016 | 22/12/2016 | Գրքեր / Books | 30 Days Loan | ||||||
| General | Fundamental Scientific Library | Fundamental Scientific Library | 22/12/2016 | [g. 1] | 891.981 | 220069331 | 22/12/2016 | 22/12/2016 | Գրքեր / Books | 30 Days Loan | |||||||
| Universal Decimal Classification | General | Fundamental Scientific Library | Fundamental Scientific Library | 22/12/2016 | g. 2 | AII/73340 | FL0691551 | 22/12/2016 | 22/12/2016 | Գրքեր / Books | 30 Days Loan | ||||||
| General | Fundamental Scientific Library | Fundamental Scientific Library | 22/12/2016 | g. 2 | 891.981 | 220073454 | 22/12/2016 | 22/12/2016 | Գրքեր / Books | 30 Days Loan | |||||||
| General | Fundamental Scientific Library | Fundamental Scientific Library | 22/12/2016 | g. 2 | 891.981 | 220073696 | 22/12/2016 | 22/12/2016 | Գրքեր / Books | 30 Days Loan | |||||||
| General | Fundamental Scientific Library | Fundamental Scientific Library | 22/12/2016 | [g. 1] | AII/69006 | FL0196701 | 22/12/2016 | 22/12/2016 | Գրքեր / Books | 30 Days Loan | 891.981 | ||||||
| General | Fundamental Scientific Library | Fundamental Scientific Library | 22/12/2016 | g. 2 | AII/73341 | FL0196691 | 22/12/2016 | 22/12/2016 | Գրքեր / Books | 30 Days Loan | 891.981 | ||||||
| General | Fundamental Scientific Library | Fundamental Scientific Library | 05/05/2017 | g. 2 | 891.981 | 220073340 | 05/05/2017 | 05/05/2017 | 30 Days Loan |
ՀՀ Գիտությունների ազգային ակադեմիայի հիմնարար գիտական գրադարան = Fundamental Scientific Library of NAS RA
All site content, except where otherwise noted, is licensed under a